| 000 | 00547nam a22001577a 4500 | ||
|---|---|---|---|
| 008 | 230410b |||||||| |||| 00| 0 eng d | ||
| 040 |
_aNational Science Library _cNational Science Library |
||
| 080 |
_a341(73) _bN3 |
||
| 100 |
_aNash, Marian _96650 |
||
| 245 | _aCumulative digest of united states practice in international law 1981-1988 | ||
| 260 |
_aWashington, D C: _bOffice of the legal adviser department of state, _c1993 |
||
| 300 | _axvi, 1311p. | ||
| 650 | _aCumulative digest | ||
| 653 | _aInternational law | ||
| 942 |
_2udc _cBK |
||
| 999 |
_c20175 _d20175 |
||